Exposé moderne des mathématiques élémentaires /
Shranjeno v:
| Glavni avtor: | |
|---|---|
| Format: | Sách giấy |
| Jezik: | Vietnamese |
| Izdano: |
Paris :
Dunod,
1962.
|
| Izdaja: | Deuxième édition |
| Oznake: |
Označite
Brez oznak, prvi označite!
|
| Thư viện lưu trữ: | Thư viện Trường Đại học Đà Lạt |
|---|
| LEADER | 00690nam a2200301 4500 | ||
|---|---|---|---|
| 001 | DLU140166363 | ||
| 005 | ##20141209 | ||
| 040 | # | # | |a DLU |b vie |
| 041 | # | # | |a vie |
| 044 | # | # | |a vn |
| 082 | # | # | |a 510 |b FE-L |
| 100 | # | # | |a Félix, Lucienne. |
| 245 | # | # | |a Exposé moderne des mathématiques élémentaires / |c Lucienne Félix. |
| 250 | # | # | |a Deuxième édition |
| 260 | # | # | |a Paris : |b Dunod, |c 1962. |
| 300 | # | # | |a 452 tr. ; |c 25 cm. |
| 923 | # | # | |a 06/2014 |
| 991 | # | # | |a SH |
| 992 | # | # | |a 9200 |
| 993 | # | # | |a 1962 |
| 994 | # | # | |a DLU |
| 900 | # | # | |a True |
| 911 | # | # | |a Đào Thị Thu Huyền |
| 925 | # | # | |a G |
| 926 | # | # | |a A |
| 927 | # | # | |a SH |
| 980 | # | # | |a Thư viện Trường Đại học Đà Lạt |